000 00384nam a22001577a 4500
005 20241018113614.0
008 241018b |||||||| |||| 00| 0 eng d
050 _aRM301
_bP457 PHA
100 _aRichard A. Lehne
245 _aPharmacology for NURSING CARE
250 _a5TH
260 _aUSA
_bSAUNDERS
_cc2004
300 _axxxii,1246p
500 _aInclude Index
942 _2lcc
_cBK
_n0
999 _c48
_d48